| 000 | 00656nam a2200169Ia 4500 | ||
|---|---|---|---|
| 008 | 090201s9999 xx 000 0 und d | ||
| 010 | _aKPL-19048 | ||
| 040 | _bमराठी | ||
| 041 | _aमराठी | ||
| 082 |
_a10278 _b19048 |
||
| 100 | _aभीमराव कुलकर्णी | ||
| 245 |
_aसाहित्य आणि नाटय काही समस्या _cभीमराव कुलकर्णी |
||
| 260 |
_c2004 _b"जोशी, लोखंडे प्रकाशन" |
||
| 300 |
_a341 _bमोठा |
||
| 600 | _aसाहित्य आणि नाटय काही समस्या | ||
| 942 | _cBOOK | ||
| 999 |
_c210744 _d210744 |
||